Countries by International Team Sport Success - Statistics

General Stats
  • This quiz has been taken 44 times
  • The average score is 13 of 16
Answer Stats
% Answer Sports % Correct
11 United States Basketball, Baseball, Volleyball, Ice Hockey, American Football
100%
3.2 Canada Ice Hockey
98%
16 Australia Cricket, Rugby Union, Field Hockey, Rugby League
95%
4.3 New Zealand Cricket, Rugby Union, Rugby League
91%
5.5 Brazil Football, Basketball, Volleyball
86%
2.0 India Cricket, Field Hockey
86%
4.7 Japan Baseball, American Football
86%
4.4 United Kingdom Football, Cricket, Baseball, Rugby Union
86%
4.4 Germany Football, Basketball, Field Hockey
81%
3.3 Pakistan Cricket, Field Hockey
81%
4.0 South Africa Rugby Union
77%
9.0 Russia Basketball, Volleyball, Ice Hockey
72%
2.5 Italy Football, Volleyball
70%
6.4 Cuba Baseball, Volleyball
67%
2.2 Netherlands Baseball, Field Hockey
44%
2.6 Yugoslavia Basketball
40%
No matching quizzes found
Score Distribution
Percent of People with Each Score
Percentile by Number Answered
Your Score History
You have not taken this quiz